| 000 | 00567nam a2200205Ia 4500 | ||
|---|---|---|---|
| 005 | 20250508151023.0 | ||
| 008 | 008 250505s9999 xx 000 0 eng d | ||
| 037 | _aTextual | ||
| 040 |
_aFEDL _beng _cFEDL |
||
| 041 |
_aeng _2eng |
||
| 084 |
_a150.1, TAN _qFEDL |
||
| 100 |
_aTansley A G _987346 |
||
| 245 | 0 | _aMind and life: An essay in simplification | |
| 260 |
_aLondon, UK _bGeorge Allen and Unwin Ltd. _c1952 |
||
| 300 | _aix,171p. | ||
| 365 |
_aINR _b12 |
||
| 650 | _aPsychology | ||
| 942 |
_cTEXL _h150.1, TAN |
||
| 999 |
_c1327099 _d1327099 |
||